| 000 | 00547nam a2200193Ia 4500 | ||
|---|---|---|---|
| 003 | OSt | ||
| 005 | 20200923143911.0 | ||
| 008 | 190216s9999||||xx |||||||||||||| ||und|| | ||
| 020 | _a9788120416451 | ||
| 040 | _coclc | ||
| 082 |
_a579 _bSUL/G |
||
| 100 |
_aSullia, S B _94893 |
||
| 245 | 0 |
_aGeneral Microbiology / _cS B Sullia ; S Shantharam |
|
| 250 | _a2nd Ed. | ||
| 260 |
_bOxford And Ibh Publishing Co. Pvt Ltd, _c2008. _aNew Delhi: |
||
| 300 | _a522p | ||
| 650 | _aBotany | ||
| 942 |
_cBK _2ddc _h579 _iSUL/G _k579 _mSUL/G |
||
| 999 |
_c1827 _d1827 |
||